Memory Game - Match these Country Flag-Shapes - Statistics

General Stats
  • This quiz has been taken 1,476 times
  • The average score is 6 of 22
Answers on the Map
Answers color-coded by a green-red scale on the quiz's map according to % correct below.
 
Answer Stats
Answer % Correct
China
89%
Uganda
40%
Ireland
30%
Argentina
29%
United States
27%
Thailand
26%
Germany
25%
India
24%
Laos
24%
France
23%
United Kingdom
23%
Australia
22%
Ivory Coast
22%
Mexico
22%
Switzerland
22%
Costa Rica
21%
Kazakhstan
21%
Mali
20%
Turkey
20%
Belgium
19%
Zimbabwe
18%
Republic of the Congo
17%
No matching quizzes found
Score Distribution
Percent of People with Each Score
Percentile by Number Answered
Your Score History
You have not taken this quiz